Största städerna på O i Asien, enligt bild - Statistics

General Stats
  • This quiz has been taken 4 times
  • The average score is 5 of 20
Answer Stats
Picture Hint Answer % Correct
🇯🇵 2 750 000 Ōsaka
100%
🇷🇺 1 130 000 Omsk
75%
🇰🇬 320 000 Osj
50%
🇯🇵 170 000 Obihiro
25%
🇯🇵 480 000 Ōita
25%
🇯🇵 720 000 Okayama
25%
🇮🇳 210 000 Ongole
25%
🇷🇺 190 000 Orsk
25%
🇰🇷 240 000 Osan
25%
🇹🇷 250 000 Osmaniye
25%
🇮🇳 240 000 Ottappālam
25%
🇯🇵 170 000 Oyama
25%
🇯🇵 190 000 Odawara
0%
🇵🇰 360 000 Okāra
0%
🇯🇵 380 000 Okazaki
0%
🇵🇭 370 000 Olongapo City
0%
🇮🇳 190 000 Orai
0%
🇹🇷 190 000 Ordu
0%
🇯🇵 220 000 Ōta
0%
🇯🇵 350 000 Ōtsu
0%
No matching quizzes found
Score Distribution
Percent of People with Each Score
Percentile by Number Answered
Your Score History
You have not taken this quiz